Comparative political finance in the 1980s /

Bibliographic Details
Other Authors: Alexander, Herbert E., Federman, Joel
Format: Book
Language:English
Published: Cambridge [England] ; New York : Cambridge University Press, 1989.
Series:Advances in political science ; 7.
Subjects:

MARC

Tag First Indicator Second Indicator Subfields
LEADER 00000cam a2200000 a 4500
001 in00000869430
005 20151019135354.0
008 880912s1989 enk b 00100 eng
010 |a  88029938  
020 |a 0521364647 
035 |a (OCoLC)18521363 
035 |9 AEK2469AM 
040 |a DLC  |c DLC  |d TXA  |d UtOrBLW 
049 |a TXAM  |c [A12004643] 
050 0 0 |a JF2112.C28  |b C64 1989 
082 0 0 |a 324.7/8  |2 19 
245 0 0 |a Comparative political finance in the 1980s /  |c edited by Herbert E. Alexander with the assistance of Joel Federman. 
264 1 |a Cambridge [England] ;  |a New York :  |b Cambridge University Press,  |c 1989. 
300 |a xii, 274 pages ;  |c 24 cm. 
336 |a text  |b txt  |2 rdacontent 
337 |a unmediated  |b n  |2 rdamedia 
338 |a volume  |b nc  |2 rdacarrier 
490 1 |a Advances in political science ;  |v 7 
504 |a Includes bibliographical references and index. 
650 0 |a Campaign funds. 
650 0 |a Comparative government. 
700 1 |a Alexander, Herbert E. 
700 1 |a Federman, Joel. 
830 0 |a Advances in political science ;  |v 7. 
999 |a MARS 
999 f f |s d1be36eb-1397-3aa3-9962-9d7466e43920  |i 2a660f52-0053-39a5-8601-cff54678c674  |t 0 
952 f f |p ric  |a Texas A&M University  |b Rellis Campus  |c Joint Library Facility  |d Remote Storage  |t 0  |e JF2112.C28 C64 1989  |h Library of Congress classification  |i unmediated -- volume  |m A14812004643 
998 f f |a JF2112.C28 C64 1989  |t 0  |l Remote Storage